ARRUPE JESUIT UNIVERSITY

CORONAVIRUS -STOP THE SPREAD - CLEAN,DISINFECT,COVER

The foundations of mysticism / (Record no. 118253)

MARC details
000 -LEADER
fixed length control field 00887cam a2200265 a 4500
001 - CONTROL NUMBER
control field 3458113
003 - CONTROL NUMBER IDENTIFIER
control field ARRUPE
005 - DATE AND TIME OF LATEST TRANSACTION
control field 20131007135758.0
008 - FIXED-LENGTH DATA ELEMENTS--GENERAL INFORMATION
fixed length control field 920530s1991 nyu b 001 0deng
010 ## - LIBRARY OF CONGRESS CONTROL NUMBER
LC control number 92167516
020 ## - INTERNATIONAL STANDARD BOOK NUMBER
International Standard Book Number 0824511212
040 ## - CATALOGING SOURCE
Original cataloging agency DLC
Transcribing agency DLC
050 00 - LIBRARY OF CONGRESS CALL NUMBER
Classification number BV5077
Item number .E85M34 1991
300 ## - PHYSICAL DESCRIPTION
Dimensions 25 cm.
100 1# - MAIN ENTRY--PERSONAL NAME
Personal name McGinn, Bernard,
Dates associated with a name 1937-
9 (RLIN) 2136
245 14 - TITLE STATEMENT
Title The foundations of mysticism /
Statement of responsibility, etc by Bernard McGinn.
260 ## - PUBLICATION, DISTRIBUTION, ETC. (IMPRINT)
Place of publication, distribution, etc New York :
Name of publisher, distributor, etc Crossroad,
Date of publication, distribution, etc 1991.
300 ## - PHYSICAL DESCRIPTION
Extent xxii, 494 p. ;
490 1# - SERIES STATEMENT
Series statement The presence of God ;
Volume number/sequential designation v. 1
504 ## - BIBLIOGRAPHY, ETC. NOTE
Bibliography, etc Includes bibliographical references (p. 442-483) and index.
650 #0 - SUBJECT ADDED ENTRY--TOPICAL TERM
Topical term or geographic name as entry element Mysticism
General subdivision History
Chronological subdivision Early church, ca. 30-600.
9 (RLIN) 2137
800 1# - SERIES ADDED ENTRY--PERSONAL NAME
Personal name McGinn, Bernard,
Dates associated with a name 1937-
Title of a work Presence of God ;
Volume/sequential designation v. 1.
9 (RLIN) 2138
906 ## - LOCAL DATA ELEMENT F, LDF (RLIN)
a 7
b cbc
c orignew
d 2
e ncip
f 19
g y-gencatlg
942 ## - ADDED ENTRY ELEMENTS (KOHA)
Source of classification or shelving scheme Library of Congress Classification
Koha item type Monograph ( Printed materials)
Holdings
Withdrawn status Lost status Source of classification or shelving scheme Damaged status Not for loan Collection code Home library Current library Shelving location Date acquired Total Checkouts Full call number Barcode Date last seen Price effective from Koha item type
    Library of Congress Classification     Main Collection ARRUPE LIBRARY ARRUPE LIBRARY Main Collection 07/10/2013   BV5077 .E85M34 1991 46410775 24/01/2017 07/10/2013 Monograph ( Printed materials)

 

Arrupe Library. PO Box MP320 Mt Pleasant, Harare, Zimbabwe
263 242 745411|librarian@aju.ac.zw